The Canadian budgetary system / (Record no. 2995)
[ view plain ]
| 000 -LEADER | |
|---|---|
| fixed length control field | 01086cam a2200313 a 4500 |
| 001 - CONTROL NUMBER | |
| control field | 2995 |
| 003 - CONTROL NUMBER IDENTIFIER | |
| rucl marc code | BD-RjUL |
| 005 - DATE AND TIME OF LATEST TRANSACTION | |
| control field | 20211208233645.0 |
| 008 - FIXED-LENGTH DATA ELEMENTS--GENERAL INFORMATION | |
| fixed length control field | 131217s1918 nyu 001 0 eng |
| 035 ## - SYSTEM CONTROL NUMBER | |
| System control number | (BD-RjUL)3023 |
| System control number | 1747002 |
| 040 ## - CATALOGING SOURCE | |
| Original cataloging agency | ANL |
| Language of cataloging | eng |
| Transcribing agency | ANL |
| Modifying agency | BD-RjUL |
| 041 ## - LANGUAGE CODE | |
| Language code of text/sound track or separate title | eng |
| 082 04 - DEWEY DECIMAL CLASSIFICATION NUMBER | |
| Edition number | 22 |
| Classification number | 338.971 |
| Author mark and year | VIC 1918 |
| 100 1# - MAIN ENTRY--PERSONAL NAME | |
| Personal name | Villard, Harold Garrison, |
| Dates associated with a name | 1869- |
| 9 (RLIN) | 9545 |
| 245 14 - TITLE STATEMENT | |
| Title | The Canadian budgetary system / |
| Statement of responsibility, etc. | by Harold G. Villard and W.W. Willoughby. |
| 260 ## - PUBLICATION, DISTRIBUTION, ETC. (IMPRINT) | |
| Place of publication, distribution, etc. | New York ; |
| -- | London : |
| Name of publisher, distributor, etc. | D. Appleton and Company, |
| Date of publication, distribution, etc. | c1918. |
| 300 ## - PHYSICAL DESCRIPTION | |
| Pagination | xiii, 379 p. ; |
| Size | 23 cm. |
| 490 0# - SERIES STATEMENT | |
| Series statement | The Institute for Government Research [of the Brookings Institution] Studies in administration. ; |
| Volume/sequential designation | [no. 5] |
| 500 ## - GENERAL NOTE | |
| General note | "Prepared under the direction of Frederick A. Cleveland." |
| 504 ## - BIBLIOGRAPHY, ETC. NOTE | |
| Bibliography, etc | Includes index. |
| 650 #0 - SUBJECT ADDED ENTRY--TOPICAL TERM | |
| Topical term or geographic name as entry element | Budget |
| Geographic subdivision | Canada. |
| 9 (RLIN) | 9546 |
| Topical term or geographic name as entry element | Finance |
| Geographic subdivision | Canada. |
| 9 (RLIN) | 8962 |
| 700 1# - ADDED ENTRY--PERSONAL NAME | |
| Personal name | Willoughby, Westel Woodbury, |
| Dates associated with a name | 1867-1945. |
| Personal name | Cleveland, Frederick Albert, |
| Dates associated with a name | 1865-1946. |
| 942 ## - ADDED ENTRY ELEMENTS (KOHA) | |
| Source of classification or shelving scheme | Dewey Decimal Classification |
| Koha item type | Books |
| Lost status | Source of classification or shelving scheme | Damaged status | Not for loan | Collection code | Permanent Location | Current Location | Shelving location | Date acquired | Source of acquisition | Total Checkouts | Full call number | Date last seen | Copy number | Koha item type |
|---|---|---|---|---|---|---|---|---|---|---|---|---|---|---|
| Dewey Decimal Classification | Not For Loan | Non-fiction | Central Library, University of Rajshahi | Central Library, University of Rajshahi | 07/06/1963 | USB | 338.971 VIC 1918 | 17/12/2013 | C-1 | Books |